| 000 | 00000nas##2200000za#4500 |
| 001 | 9.513859 |
| 003 | CaOODSP |
| 005 | 20200325132512 |
| 007 | ta |
| 008 | 150406c2008||||xxc|| m #||||f| |0fre|d |
| 040 | |aCaOODSP|bfre |
| 043 | |an-cn--- |
| 086 | 1 |aFA1-4F |
| 110 | 1 |aCanada. |bBureau du vérificateur général. |
| 245 | 13|aLe point - rapport du commissaire à l'environnement et au développement durable à la Chambre des communes |
| 260 | |aOttawa - Ontario : |bBureau du vérificateur général du Canada |
| 310 | |aAnnuel |
| 563 | |aCouverture souple |
| 775 | 08|tStatus report of the Commissioner of the Environment and Sustainable Development to the House of Commons |w(CaOODSP)9.515534 |
| 776 | 0#|tLe point - rapport du commissaire à l'environnement et au développement durable à la Chambre des communes |w(CaOODSP)9.501777 |